Cẩm nang học sinh- sinh viên

Saved in:
Bibliographic Details
Main Author: Không rõ
Format: Book
Language:Vietnamese
Published: ĐNA 2008
Tags: Add Tag
No Tags, Be the first to tag this record!
Institutions: Mạng thư viện Đại học Đà Nẵng
LEADER 00613nam a2200277 4500
001 000026175
003 1700
005 20150325120000.0
008 150325s vm 000 vie
020 |c 0,0000 
040 |a NOTTS 
100 |a Không rõ 
245 |a Cẩm nang học sinh- sinh viên 
260 |b ĐNA  |c 2008 
300 |a 175tr. ; 
OWN |a LTT 
999 |a From the UDN01 
TYP |a Monograph 
TYP |a Printed language 
980 |a Mạng thư viện Đại học Đà Nẵng